[Event "Titled Tuesday intern op 30th May Late"]
[Site "Chess.com INT"]
[Date "2023.05.30"]
[Round "5"]
[White "Djordjevic, Dejan N"]
[Black "Minko, Dmitry"]
[Result "0-1"]
[WhiteElo "2167"]
[BlackElo "2247"]
[PlyCount "70"]
[EventDate "2023.05.30"]
[EventType "swiss (blitz)"]
[EventRounds "11"]
[EventCountry "USA"]
[SourceTitle "CBM 214 Extra"]
[Source "ChessBase"]
[SourceDate "2023.07.31"]
[SourceVersion "1"]
[SourceVersionDate "2023.07.31"]
[SourceQuality "1"]

1. e4 e5 2. Nf3 Nc6 3. Bc4 Nf6 4. d3 h6 5. 0-0 g6 6. Nc3 Bg7 7. Ne2 0-0 8. Ng3 d5 9. exd5 Nxd5 10. a3 Be6 11. Re1 Nf4 12. Bxf4 exf4 13. Bxe6 fxg3 14. Bc4 gxf2+ 15. Kxf2 Bxb2 16. Rb1 Bxa3 17. Rxb7 Bc5+ 18. Kf1 Bb6 19. c3 Na5 20. Ba6 Nxb7 21. Bxb7 Rb8 22. Ba6 Qf6 23. Qa1 Rfe8 24. d4 Rxe1+ 25. Kxe1 Re8+ 26. Kf1 g5 27. h3 Re3 28. Kf2 Re7 29. Bc4 Qf4 30. Kg1 c5 31. Kh1 cxd4 32. cxd4 Rd7 33. Qe1 Kg7 34. d5 Qxc4 35. Qe5+ f6 0-1

[Event "Titled Tuesday intern op 30th May Late"]
[Site "Chess.com INT"]
[Date "2023.05.30"]
[Round "3"]
[White "Ladan, Nicholas John"]
[Black "Djordjevic, Dejan N"]
[Result "1-0"]
[WhiteElo "2228"]
[BlackElo "2167"]
[PlyCount "81"]
[EventDate "2023.05.30"]
[EventType "swiss (blitz)"]
[EventRounds "11"]
[EventCountry "USA"]
[SourceTitle "CBM 214 Extra"]
[Source "ChessBase"]
[SourceDate "2023.07.31"]
[SourceVersion "1"]
[SourceVersionDate "2023.07.31"]
[SourceQuality "1"]

1. d4 Nf6 2. c4 g6 3. Nf3 Bg7 4. g3 d6 5. Bg2 0-0 6. 0-0 Nc6 7. h3 a6 8. Nc3 Bd7 9. d5 Na5 10. Qd3 c5 11. e4 Rb8 12. Rb1 b5 13. b3 Qc7 14. Bd2 Rfc8 15. Rfe1 Ne8 16. Bg5 f6 17. Bd2 Rb7 18. Rbc1 bxc4 19. bxc4 Rcb8 20. h4 Rb2 21. h5 g5 22. e5 dxe5 23. Bxg5 fxg5 24. Nxg5 Nf6 25. Nce4 Nxh5 26. d6 exd6 27. Nxd6 Nf6 28. Bd5+ Kf8 29. Nde4 Nxd5 30. Qxd5 Bf5 31. Nxc5 Re8 32. Nce6+ Bxe6 33. Nxe6+ Rxe6 34. Qxe6 Nc6 35. Qf5+ Kg8 36. Qe6+ Kf8 37. Rc3 e4 38. Rxe4 Bxc3 39. Rf4+ Kg7 40. Rg4+ Kf8 41. Rg8# 1-0

[Event "Titled Tuesday intern op 23rd May Late"]
[Site "Chess.com INT"]
[Date "2023.05.23"]
[Round "7"]
[White "Djordjevic, Dejan N"]
[Black "Kotyk, Michael"]
[Result "0-1"]
[WhiteElo "2167"]
[BlackElo "2074"]
[PlyCount "102"]
[EventDate "2023.05.23"]
[EventType "swiss (blitz)"]
[EventRounds "11"]
[EventCountry "USA"]
[SourceTitle "EXT 2024"]
[Source "ChessBase"]
[SourceDate "2023.10.10"]
[SourceVersion "1"]
[SourceVersionDate "2023.10.10"]
[SourceQuality "1"]

1. e4 e5 2. Nf3 Nc6 3. Bc4 Nf6 4. d3 h6 5. 0-0 d6 6. Re1 Ne7 7. Nbd2 g5 8. Nf1 Ng6 9. Ng3 g4 10. Nd2 h5 11. Nb3 Be7 12. d4 exd4 13. Nxd4 Ne5 14. Bf1 h4 15. Ngf5 h3 16. Bf4 Ng6 17. Bg3 Kf8 18. Qe2 c5 19. Nxe7 Qxe7 20. Nb5 Ne5 21. Rad1 hxg2 22. Bxg2 Ne8 23. Qd2 f6 24. Nxd6 Nxd6 25. Qxd6 Qxd6 26. Rxd6 Ke7 27. Bxe5 fxe5 28. Rd5 Be6 29. Rxc5 Rac8 30. Rxc8 Rxc8 31. c3 Rd8 32. Bf1 a5 33. Kg2 a4 34. a3 Rd2 35. Re2 Rd1 36. Re3 Rd2 37. Bb5 Rxb2 38. Bxa4 Ra2 39. c4 Bxc4 40. Bd1 Be6 41. Kg3 Rd2 42. f3 Rxd1 43. fxg4 Rg1+ 44. Kf2 Rxg4 45. a4 Rf4+ 46. Ke2 Bc4+ 47. Kd2 Ba6 48. h3 Rf2+ 49. Kc3 Rh2 50. Kb4 Kd6 51. Ka5 Kc5 0-1

[Event "Titled Tuesday intern op 23rd May Late"]
[Site "Chess.com INT"]
[Date "2023.05.23"]
[Round "2"]
[White "Djordjevic, Dejan N"]
[Black "Morales Garcia, Sergio Joshafatt"]
[Result "0-1"]
[WhiteElo "2167"]
[BlackElo "2221"]
[PlyCount "94"]
[EventDate "2023.05.23"]
[EventType "swiss (blitz)"]
[EventRounds "11"]
[EventCountry "USA"]
[SourceTitle "EXT 2024"]
[Source "ChessBase"]
[SourceDate "2023.10.10"]
[SourceVersion "1"]
[SourceVersionDate "2023.10.10"]
[SourceQuality "1"]

1. e4 c5 2. Nc3 Nc6 3. g3 g6 4. Bg2 Bg7 5. Nge2 e6 6. 0-0 Nge7 7. h3 d5 8. exd5 exd5 9. d3 h6 10. Re1 0-0 11. Nf4 d4 12. Na4 b6 13. b3 Bb7 14. Nb2 Qc7 15. a4 Nb4 16. Bxb7 Qxb7 17. Bd2 Nbd5 18. Nc4 Rad8 19. Qf3 Rfe8 20. Ne5 Nf5 21. Nc4 Nfe7 22. Re2 Qd7 23. Rae1 Nxf4 24. Bxf4 Nc6 25. Kh2 Nb4 26. Nd6 Rxe2 27. Rxe2 Bf8 28. Ne4 Bg7 29. Bxh6 Qf5 30. Qxf5 gxf5 31. Bxg7 fxe4 32. Bf6 exd3 33. cxd3 Rd6 34. Bg5 Nxd3 35. h4 Nb4 36. h5 d3 37. Rd2 a6 38. Kg2 b5 39. axb5 axb5 40. Be7 Rd5 41. g4 Nc6 42. Bf6 c4 43. bxc4 bxc4 44. f4 Nd4 45. Kf2 Nb3 46. Ra2 Ra5 47. Rb2 Kh7 0-1

[Event "Titled Tuesday intern op 23rd May Late"]
[Site "Chess.com INT"]
[Date "2023.05.23"]
[Round "1"]
[White "Tologontegin, Semetey"]
[Black "Djordjevic, Dejan N"]
[Result "1-0"]
[WhiteElo "2372"]
[BlackElo "2167"]
[PlyCount "81"]
[EventDate "2023.05.23"]
[EventType "swiss (blitz)"]
[EventRounds "11"]
[EventCountry "USA"]
[SourceTitle "EXT 2024"]
[Source "ChessBase"]
[SourceDate "2023.10.10"]
[SourceVersion "1"]
[SourceVersionDate "2023.10.10"]
[SourceQuality "1"]

1. d4 Nf6 2. Nc3 d6 3. e4 g6 4. f4 Bg7 5. Nf3 0-0 6. Be3 a6 7. Bd3 b5 8. 0-0 Bb7 9. a3 Nbd7 10. h3 c5 11. e5 Nd5 12. Nxd5 Bxd5 13. c3 Rc8 14. Qe2 Nb6 15. Bf2 Qc7 16. Bg3 cxd4 17. cxd4 Qb7 18. f5 dxe5 19. Bxe5 f6 20. Bg3 g5 21. Nd2 Rfd8 22. Rfe1 Bf8 23. Ne4 Na4 24. Bf2 Qa8 25. Rac1 Rxc1 26. Rxc1 Rc8 27. Rxc8 Qxc8 28. Nc5 Nxc5 29. dxc5 Qc6 30. Bd4 Kf7 31. b4 Kg8 32. Bb1 h6 33. Bb2 Kg7 34. Bc3 Kg8 35. Ba2 Kg7 36. Qd2 Bxa2 37. Qxa2 Qe4 38. Qe6 Qb1+ 39. Kh2 h5 40. Qe3 Qxf5 41. c6 1-0